[Event "Pula op 15th"]
[Site "Pula"]
[Date "2001.05.20"]
[Round "3"]
[White "Teofilovic, Vjeran"]
[Black "Rukavina, Josip"]
[Result "0-1"]
[WhiteElo "2173"]
[BlackElo "2414"]
[PlyCount "52"]
[EventDate "2001.05.18"]
[EventType "swiss"]
[EventRounds "9"]
[EventCountry "CRO"]
[SourceTitle "CBM 082 Extra"]
[Source "ChessBase"]
[SourceDate "2001.07.03"]
[SourceVersion "1"]
[SourceVersionDate "2001.07.03"]
[SourceQuality "1"]

1. d4 d6 2. c4 e5 3. Nc3 exd4 4. Qxd4 Nf6 5. g3 Nc6 6. Qd2 Be6 7. Nd5 g6 8. b3 Bg7 9. Bb2 0-0 10. Bg2 Re8 11. Nh3 Ne4 12. Bxe4 Bxh3 13. f3 Ne5 14. 0-0-0 Be6 15. h4 c6 16. Nf4 Bxc4 17. h5 d5 18. Bc2 Ba6 19. hxg6 hxg6 20. Rh2 Qd6 21. Rdh1 Rad8 22. Rh7 d4 23. Kb1 c5 24. e3 Nxf3 25. Qg2 Rxe3 26. Qh3 Re1+ 0-1

[Event "Pula op 15th"]
[Site "Pula"]
[Date "2001.05.18"]
[Round "1"]
[White "Teofilovic, Vjeran"]
[Black "Babula, Vlastimil"]
[Result "1-0"]
[WhiteElo "2173"]
[BlackElo "2563"]
[PlyCount "81"]
[EventDate "2001.05.18"]
[EventType "swiss"]
[EventRounds "9"]
[EventCountry "CRO"]
[SourceTitle "CBM 082 Extra"]
[Source "ChessBase"]
[SourceDate "2001.07.03"]
[SourceVersion "1"]
[SourceVersionDate "2001.07.03"]
[SourceQuality "1"]

1. d4 Nf6 2. Nf3 g6 3. c4 Bg7 4. Nc3 0-0 5. e4 d6 6. Be2 e5 7. d5 a5 8. Bg5 h6 9. Bh4 Na6 10. Nd2 Qe8 11. 0-0 Bd7 12. Kh1 Nh7 13. a3 a4 14. Nb5 h5 15. f3 Bh6 16. b4 axb3 17. Nxb3 Be3 18. Qd3 Bb6 19. a4 g5 20. a5 Bc5 21. Be1 f5 22. Qc2 f4 23. Nxc5 dxc5 24. Qb2 Qe7 25. Bc3 Rae8 26. Rfd1 c6 27. d6 Qd8 28. Na3 Bc8 29. d7 Bxd7 30. Qxb7 Bc8 31. Qxc6 Qe7 32. Nb5 Qg7 33. Nd6 Re6 34. Qb5 Nf6 35. Nxc8 Rxc8 36. Bxe5 Rxe5 37. Qxa6 Ree8 38. Qd6 Re7 39. a6 Ne8 40. Qd5+ Kh8 41. a7 1-0

[Event "Zagreb op"]
[Site "Zagreb"]
[Date "1999.??.??"]
[Round "6"]
[White "Zecevic, Dean"]
[Black "Teofilovic, Vjeran"]
[Result "1-0"]
[WhiteElo "2295"]
[BlackElo "2155"]
[PlyCount "67"]
[EventDate "1999.??.??"]
[EventType "swiss"]
[EventRounds "9"]
[EventCountry "CRO"]
[SourceTitle "EXT 2000"]
[Source "ChessBase"]
[SourceDate "1999.11.16"]
[SourceVersion "1"]
[SourceVersionDate "1999.11.16"]
[SourceQuality "1"]

1. e4 c5 2. Nf3 d6 3. d4 cxd4 4. Nxd4 Nf6 5. Nc3 a6 6. Be2 e6 7. 0-0 Nbd7 8. f4 b5 9. Bf3 Bb7 10. e5 Bxf3 11. Nxf3 Ng4 12. Qe2 b4 13. Ne4 d5 14. Ng3 Bc5+ 15. Kh1 h5 16. h3 h4 17. Nf5 Nf2+ 18. Rxf2 exf5 19. Be3 Qb6 20. Bxc5 Nxc5 21. Qe3 Rh6 22. Rd2 Rd8 23. Kh2 Qa5 24. Nd4 Ne4 25. Nxf5 Nxd2 26. Qxd2 Rg6 27. Nxh4 Rc6 28. Nf5 Qc5 29. Nd4 Rc7 30. Rd1 Re7 31. Qe2 Qc4 32. Qh5 Qxa2 33. b3 Qa5 34. Nc6 1-0

[Event "Zagreb op"]
[Site "Zagreb"]
[Date "1998.01.07"]
[Round "5"]
[White "Kovacevic, Blazimir"]
[Black "Teofilovic, Vjeran"]
[Result "1-0"]
[WhiteElo "2395"]
[BlackElo "2125"]
[PlyCount "77"]
[EventDate "1998.01.03"]
[EventType "swiss"]
[EventRounds "9"]
[EventCountry "CRO"]
[SourceTitle "CBM 062 Extra"]
[Source "ChessBase"]
[SourceDate "1998.03.09"]
[SourceVersion "1"]
[SourceVersionDate "1998.03.09"]
[SourceQuality "1"]

1. d4 d5 2. Bg5 h6 3. Bh4 c5 4. Nc3 Nc6 5. e3 Qa5 6. Bb5 Bd7 7. Nf3 e6 8. 0-0 cxd4 9. Nxd4 Be7 10. Nb3 Qb6 11. Bg3 Nf6 12. a4 a6 13. a5 Qa7 14. Be2 Nb4 15. Na4 Bxa4 16. Rxa4 0-0 17. Nd4 Rac8 18. c3 Nc6 19. Bd3 Nd7 20. Bc2 Bf6 21. Nxc6 Rxc6 22. Qh5 Rc4 23. Rxc4 dxc4 24. Rd1 Qc5 25. Qf3 Qb5 26. Bd6 Rc8 27. Be4 Nc5 28. Bxc5 Rxc5 29. Rd2 Rc7 30. g3 Qxa5 31. Bxb7 Qb6 32. Be4 Rc8 33. Qd1 g6 34. Qa4 Bg5 35. Kg2 Kg7 36. Rd7 Rc5 37. Rb7 Qd6 38. Qe8 Rf5 39. Rd7 1-0

[Event "CRO-ch"]
[Site "Pula"]
[Date "1996.??.??"]
[Round "?"]
[White "Krstic, Uros"]
[Black "Teofilovic, Vjeran"]
[Result "1-0"]
[WhiteElo "2190"]
[BlackElo "2125"]
[PlyCount "135"]
[EventDate "1996.??.??"]
[EventType "swiss"]
[EventRounds "9"]
[EventCountry "CRO"]
[SourceTitle "EXT 1999"]
[Source "ChessBase"]
[SourceDate "1998.11.16"]
[SourceVersion "1"]
[SourceVersionDate "1998.11.16"]
[SourceQuality "1"]

1. e4 c5 2. Nf3 d6 3. d4 cxd4 4. Nxd4 Nf6 5. Nc3 e6 6. Be2 Nc6 7. 0-0 Be7 8. Be3 0-0 9. f4 Qc7 10. Kh1 Bd7 11. Nb3 Rfd8 12. Bf3 Rac8 13. Rf2 Bf8 14. Nb5 Qb8 15. Rd2 Be8 16. c4 a6 17. Nc3 Nd7 18. Qg1 Qc7 19. Na4 Na5 20. Nxa5 Qxa5 21. b3 b5 22. Nb2 Nc5 23. Rad1 Be7 24. e5 Qxa2 25. Nd3 Qxb3 26. exd6 Nxd3 27. Rxd3 Qxc4 28. d7 Bxd7 29. Rxd7 Rxd7 30. Rxd7 Rc7 31. Rxc7 Qxc7 32. Qc1 Bd6 33. Qxc7 Bxc7 34. Be2 Kf8 35. Kg1 Ke7 36. Kf2 Kd6 37. Ke1 f6 38. Kd2 Bd8 39. Kc3 Ba5+ 40. Kb3 h6 41. Bf3 Kc7 42. Bc5 Bd2 43. g3 g5 44. Kc2 Be1 45. fxg5 hxg5 46. Be7 f5 47. Bxg5 e5 48. Bd5 Kd6 49. Bb7 a5 50. Ba6 b4 51. Bc8 f4 52. gxf4 exf4 53. Bxf4+ Ke7 54. Kb3 Kf6 55. Bc7 Bc3 56. Bxa5 Kg7 57. Bc7 Kh8 58. Kc2 Bf6 59. Be6 b3+ 60. Bxb3 Bd4 61. Kd3 Ba1 62. Ke4 Bb2 63. Kf5 Ba1 64. Kg6 Bb2 65. h4 Ba1 66. h5 Bb2 67. Bd6 Bg7 68. h6 1-0

[Event "CRO-ch"]
[Site "Pula"]
[Date "1996.??.??"]
[Round "?"]
[White "Medancic, Rikard"]
[Black "Teofilovic, Vjeran"]
[Result "1-0"]
[WhiteElo "2340"]
[BlackElo "2125"]
[PlyCount "53"]
[EventDate "1996.??.??"]
[EventType "swiss"]
[EventRounds "9"]
[EventCountry "CRO"]
[SourceTitle "EXT 1999"]
[Source "ChessBase"]
[SourceDate "1998.11.16"]
[SourceVersion "1"]
[SourceVersionDate "1998.11.16"]
[SourceQuality "1"]

1. d4 d5 2. c4 e6 3. Nc3 Be7 4. cxd5 exd5 5. Bf4 c6 6. e3 Bf5 7. Nge2 Nd7 8. Ng3 Bg6 9. h4 h5 10. Bd3 Bxd3 11. Qxd3 Ngf6 12. Nf5 g6 13. Nxe7 Qxe7 14. 0-0-0 Ne4 15. Qc2 Rc8 16. Nxd5 Qe6 17. Nc7+ Rxc7 18. Bxc7 0-0 19. Kb1 Qf5 20. f3 Nef6 21. e4 Qe6 22. Qb3 Qxb3 23. axb3 Rc8 24. Bd6 Ne8 25. Bf4 Ng7 26. d5 cxd5 27. Rxd5 1-0

[Event "Djakovo op"]
[Site "Djakovo"]
[Date "1994.??.??"]
[Round "1"]
[White "Lalic, Bogdan"]
[Black "Teofilovic, Vjeran"]
[Result "1-0"]
[WhiteElo "2520"]
[BlackElo "2050"]
[PlyCount "51"]
[EventDate "1994.11.??"]
[EventType "swiss"]
[EventRounds "9"]
[EventCountry "CRO"]
[SourceTitle "EXT 1997"]
[Source "ChessBase"]
[SourceDate "1996.11.15"]
[SourceVersion "1"]
[SourceVersionDate "1996.11.15"]
[SourceQuality "1"]

1. c4 Nf6 2. Nc3 e6 3. Nf3 Bb4 4. Qb3 c5 5. a3 Bxc3 6. Qxc3 0-0 7. e3 b6 8. b3 Bb7 9. Bb2 d6 10. Be2 Nc6 11. d4 Ne4 12. Qc2 f5 13. 0-0 Ne7 14. Rad1 Ng6 15. Ne1 Qg5 16. Bc1 f4 17. dxc5 fxe3 18. Bxe3 Nf4 19. Bxf4 Rxf4 20. cxd6 Raf8 21. Qc1 Qf5 22. Bf3 Qc5 23. d7 Rxf3 24. Nxf3 Nd6 25. Qe3 Bxf3 26. Qxc5 1-0

[Event "Djakovo op"]
[Site "Djakovo"]
[Date "1994.??.??"]
[Round "5"]
[White "Milovanovic, Rade"]
[Black "Teofilovic, Vjeran"]
[Result "1-0"]
[WhiteElo "2435"]
[BlackElo "2050"]
[PlyCount "74"]
[EventDate "1994.11.??"]
[EventType "swiss"]
[EventRounds "9"]
[EventCountry "CRO"]
[SourceTitle "EXT 1997"]
[Source "ChessBase"]
[SourceDate "1996.11.15"]
[SourceVersion "1"]
[SourceVersionDate "1996.11.15"]
[SourceQuality "1"]

1. d4 Nf6 2. c4 e6 3. Nc3 Bb4 4. e3 b6 5. Nge2 c5 6. a3 Ba5 7. Rb1 Qe7 8. Bd2 0-0 9. d5 Ba6 10. Nf4 e5 11. Nh5 Bxc3 12. Bxc3 Nxh5 13. Qxh5 d6 14. Bd3 e4 15. Be2 Nd7 16. 0-0 f5 17. b3 Ne5 18. Kh1 Rae8 19. Rbe1 Bc8 20. f3 exf3 21. gxf3 f4 22. e4 Rf6 23. Qh4 Qf7 24. Rg1 Kh8 25. b4 Rh6 26. Qf2 Rh3 27. Bb2 Qh5 28. Ref1 Rf8 29. Rg2 Rf6 30. Qg1 Rh6 31. Rff2 Rg6 32. Rxg6 Nxg6 33. Qa1 Nh4 34. Bxg7+ Kg8 35. Bh8 Rg3 36. Qf6 Bh3 37. hxg3 Bg2+ 1-0